El cuento de la cuerda /

Bewaard in:
Bibliografische gegevens
Hoofdauteur: Mesonero, Elena (autor e ilustración)
Formaat: Boek
Taal:Spaans
Gepubliceerd in: Sevilla, España : Babidi-Bú, 2017, c2017
Editie:2a edición
Reeks:(La Casita Esdrújula)
Onderwerpen:
Tags: Voeg label toe
Geen labels, Wees de eerste die dit record labelt!

MARC

LEADER 00000nam^a2200000^a^4500
001 000580058
005 20250521000000.0
009 20260310132542.359
020 |a 978-84-17097-00-4 
037 |a Acervo ITESO - Biblioteca 
041 |a ESP 
082 |a 808. 899282  |b MES 
100 |a Mesonero, Elena  |e (autor e ilustración) 
245 1 3 |a El cuento de la cuerda /  |c Texto e il. de E. Mesonero. 
250 |a 2a edición 
264 4 |a Sevilla, España :  |b Babidi-Bú,  |c 2017, c2017 
300 |a [32 p.] 
336 |a texto  |b txt  |2 rdacontenido 
337 |a sin mediación  |b n  |2 rdamedio 
338 |a volumen  |b nc  |2 rdasoporte 
440 4 |a (La Casita Esdrújula) 
649 |a XX 
650 |a Niños en la Literatura 
650 |a Cuentos Infantiles -  |z España 
650 |a Cuentos Españoles 
650 |a Literatura Infantil -  |z España 
650 |a Literatura de Mujeres -  |z España 
650 |a Literatura Didáctica 
650 |a Psicología y Literatura 
650 |a Literatura y Etica 
650 |a Filosofía y Literatura 
650 |a Literatura Española -  |y Siglo XXI 
650 |a Empatía -  |x Tema Principal 
650 |a Respeto -  |x Tema Principal 
650 |a Desarrollo Emocional 
650 |a Desarrollo Moral 
650 |a Psicología Educativa 
650 |a Psicología Evolutiva 
650 |a Axiología de la Educación 
650 |a Filosofía de la Educación 
650 |a Educación Preescolar 
650 |a Educación No Formal e Informal 
910 |a Fondo General 
920 |a Impresos - Libros 
930 |a Colección General 
940 |a Literatura 
905 |a 101 
901 |a 0500406002  |b IT1  |c LIT  |i C185055  |u 20250521 
902 |a https://opac.biblio.iteso.mx/vufind/Record/000580058